• 首页
  • 本馆介绍
  • 公告通知
  • 最新文献
  • 馆藏检索
  • 电子资源
  • 读者导购
  • 参考咨询
  • 我的图书馆
  • 登录
  • 详细信息显示
  • 放入我的书架
  • 预约/预借图书
  • 作者相关作品
  • 分类相关作品
  • 丛书相关作品
  • 出版社相关作品

书目信息

  • 表格格式
  • 工作单格式
  • 卡片格式
题名:
健美图典
    
 
作者: 舒培华 编著
分册:  
出版信息: 北京   北京体育大学出版社  2005
页数: 244页
开本: 29cm
丛书名:
单 册:
中图分类: G883.2-64
科图分类:
主题词: 健美--运动训练法--图解 , 健美 , 运动训练法
电子资源:
ISBN: 7-81100-010-5
000 00825nam0 2200253 450
001 002931365
005 20070808185020.34
010    @a7-81100-010-5@dCNY90.00
100    @a20050119d2005 em y0chiy0110 ea
101 0  @achi
102    @aCN@b110000
105    @aa z 000yy
200 1  @a健美图典@9jian mei tu dian@f舒培华编著
210    @a北京@c北京体育大学出版社@d2005
215    @a244页@d29cm
330    @a本书图文并茂地介绍了韦德健美训练法则、健美八大要素、健美术语、全身各部肌肉锻炼法、赛前训练等健美要素,以及健美需要注意的营养、竞技等知识。
510 1  @aIllustrated Book on Bodybuilding@zeng
606 0  @a健美@x运动训练法@j图解
606 0  @a健美
606 0  @a运动训练法
690    @aG883.2-64@v4
701  0 @a舒培华@9shu pei hua@f(1945~)@4编著
801  0 @aCN@bNLC@c20070808
905    @a10447@dG883.2-64@e74
    
    健美图典/舒培华编著.-北京:北京体育大学出版社,2005
    244页;29cm
    
    
    ISBN 7-81100-010-5:CNY90.00
    本书图文并茂地介绍了韦德健美训练法则、健美八大要素、健美术语、全身各部肌肉锻炼法、赛前训练等健美要素,以及健美需要注意的营养、竞技等知识。
●
相关链接 在E读中查询图书 在五车中查询图书 在当当中查询图书 在豆瓣中查询图书


正题名:健美图典     索取号:G883.2-64/74         预约/预借

序号 登录号 条形码 馆藏地/架位号 状态 备注
1 0809688   208096889   第一样本阅览室/ [索取号:G883.2-64/74] 在馆    
2 0809690   208096905   第四借阅区/ [索取号:G883.2-64/74] 在馆    
3 0809691   208096914   第四借阅区/ [索取号:G883.2-64/74] 在馆    
4 0810074   208100749   密集书库-体育系/ [索取号:G883.2-64/74] 在馆    
唐山师范学院图书馆 欢迎您!
大连网信软件有限公司© 版权所有